000 00304nam a2200109Ia 4500
008 200302s9999 xx 000 0 und d
100 _aJulian Eugene kulski
245 _aLand of Urban Promise Continuing the Great Tradition
260 _bUniversity of Notre Dame Press
260 _c1967
300 _a282 P.,
999 _c5622
_d5622